Partie w polskim parlamencie - Statystyki

Ogólne statystyki
  • Ten quiz został rozwiązany 242 razy
  • Średni wynik to 11 z 18
Statystyki odpowiedzi
Grupa w Pe Koalicja Lider Partii Sejm Senat Pe Partia % Poprawnych
AECR Pis Jarosław Kaczyński 198 44 24 Prawo i Sprawiedliwość / PiS
100%
EPL Ko Borys Budka 111 40 14 Platforma Obywatelska / PO
96%
EPL Kp Władysław Kosiniak-Kamysz 20 2 3 Polskie Stronnictwo Ludowe / PSL
90%
S&D Lewica Włodzimierz Czarzasty 24 0 5 Sojusz Lewicy Demokratycznej / SLD
88%
Brak informacji Brak Paweł Kukiz 5 0 0 Kukiz / K’15
83%
S&D Lewica Robert Biedroń 18 1 2 Wiosna
79%
ALDE Ko Adam Szłapka 8 1 0 Nowoczesna / .N
77%
EFDD Konfederacja Janusz Korwin-Mikke 5 0 0 Koalicja Odnowy Rzeczypospolitej Wolność i Nadzieja / KORWiN
75%
S&D Lewica Adrian Zandberg 6 0 0 Lewica Razem / Razem
73%
AECR Pis Zbigniew Ziobro 19 2 2 Solidarna Polska / SP
66%
AECR Pis Jarosław Gowin 17 2 1 Porozumienie
61%
G/EFA Ko Wojciech Kubalewski, Małgorzata Tracz 3 0 1 Partia Zieloni / Zieloni
53%
Brak informacji Konfederacja Robert Winnicki 5 0 0 Ruch Narodowy / RN
53%
Brak informacji Konfederacja Grzegorz Braun 1 0 0 Konfederacja Korony Polskiej / KKP
43%
Brak informacji Ko Barbara Nowacka 5 0 0 Inicjatywa Polska / IPL
39%
Brak Lewica Wojciech Konieczny 0 1 0 Polska Partia Socjalistyczna / PPS
36%
Brak informacji Kp Elżbieta Bińczycka 1 1 0 Unia Europejskich Demokraków / UED
19%
Brak Brak Ryszard Galla 1 0 0 Regionalna. Mniejszość z Większością / RMW
4%
Nie znaleziono quizów pasujących do podanych kryteriów
Rozkład punktacji
Procent ludzi z każdym wynikiem
Percentyl według liczby udzielonych odpowiedzi
Twoja historia wyników
Nie rozwiązałeś tego quizu